000 00679nam a2200253Ia 4500
003 OSt
005 20220918164511.0
006 a|||||r|||| 00| 0
007 ta
008 220917b |||||||| |||| 00| 0 eng d
020 _a063121867X (HB)
024 _a191,986
037 _cTextual
040 _aARTS
_cARTS
_beng
041 _2eng
_aeng
082 _aR1x, P2
100 _aJacquette Dale Ed.
245 0 _aPhilosophy of logic
_b an anthology
260 _aU.S.A
_bBlackwell publishers
_c2002
300 _axi,372p
_ccm.
490 _aBlackwell philosophy anthologies
942 _hR1x, P2
_cTEXL
_2CC
999 _c125078
_d125078